The great transformation

One of the twentieth century's most thorough and discerning historians, Karl Polanyi sheds "new illumination on... the social implications of a particular economic system, the market economy that grew into full stature in the nineteenth century.

সংরক্ষণ করুন:
গ্রন্থ-পঞ্জীর বিবরন
প্রধান লেখক: Polanyi, Karl
বিন্যাস: গ্রন্থ
ভাষা:Undetermined
প্রকাশিত: Boston Beacon Press 1944
বিষয়গুলি:
ট্যাগগুলো: ট্যাগ যুক্ত করুন
কোনো ট্যাগ নেই, প্রথমজন হিসাবে ট্যাগ করুন!
Thư viện lưu trữ: Trung tâm Học liệu Trường Đại học Cần Thơ
LEADER 00797nam a2200205Ia 4500
001 CTU_227811
008 210402s9999 xx 000 0 und d
082 |a 330.9034 
082 |b P762 
100 |a Polanyi, Karl 
245 4 |a The great transformation 
245 0 |c Karl Polanyi ; Foreword by Robert M. MacIver 
260 |a Boston 
260 |b Beacon Press 
260 |c 1944 
520 |a One of the twentieth century's most thorough and discerning historians, Karl Polanyi sheds "new illumination on... the social implications of a particular economic system, the market economy that grew into full stature in the nineteenth century. 
650 |a Kinh tế,Economics 
650 |x Lịch sử,History 
910 |b dqhieu 
980 |a Trung tâm Học liệu Trường Đại học Cần Thơ